000 00564nam a2200229Ia 4500
003 OSt
005 20220924145903.0
006 a|||||r|||| 00| 0
007 ta
008 220923b |||||||| |||| 00| 0 tel d
024 _a330701
037 _cTextual
040 _aARTS
_cARTS
_btel
041 _2tel
_atel
082 _aO152,1JOO:g, 35M0
100 _aRao Au.
245 0 _aMeera madhuri
260 _c1980
650 _aHINDI LITERATURE
_923866
942 _hO152,1JOO:g, 35M0
_cTEXL
_2CC
999 _c461480
_d461480